000 00654nam a2200253Ia 4500
001 893
003 GE_BSU
008 181216s||||||||xx |||||||||||||| ||und||
020 _a5318007120
040 _cGE_BSU
080 _a159.9
100 _aГринберг,Дж.
245 _aУправление стресом.
245 _b(Серия,,мастера психологии")
250 _a7-е. изд.
260 _aСПБ
260 _bПитер
260 _c2002
541 _h15 л.
653 _aПсихология
653 _aУправление стресом
653 _aფსიქოლოგია
942 _cBK
999 _c35053
_d35053